000 00301nam a22001337a 4500
008 170620b xxu||||| |||| 00| 0 eng d
020 _a9780252063688
041 _aeng
080 _a94(7/8)
100 _a20
101 _aSHP
245 _aIN SEARCH OF THE WORKING CLASS
_cFINK, L
942 _2udc
_cBK
999 _c18241
_d18241